Normal view
MARC view
- Naveed Ahmed Khan
Entry Personal Name
001 - CONTROL NUMBER
- control field: 98968
003 - CONTROL NUMBER IDENTIFIER
- control field: NUST
005 - DATE AND TIME OF LATEST TRANSACTION
- control field: 20220921123017.0
008 - FIXED-LENGTH DATA ELEMENTS
- fixed length control field: 220921|| aca||aabn | a|a d
040 ## - CATALOGING SOURCE
- Original cataloging agency: NUST
- Transcribing agency: NUST
100 ## - HEADING--PERSONAL NAME
- Personal name: Naveed Ahmed Khan
670 ## - SOURCE DATA FOUND
- Source citation: Work cat.: (NUST)13395: Naveed Ahmed Khan, Formal modelling and analysis of energy efficient and secure wireless sensor network (WSN) routing protocol, 2015
